000
00192nam a2200073Ia 4500
008
170817s9999 xx 000 0 und d
100
_a
RAO D. B.
245
0
_a
DISTANCE EDUCATION IN DIFFERENT COUNTRIES
260
_b
A.P.H. PUB.
999
_c
38085
_d
38085